Fyzikální terapie v praxi receptář : pro PSS

Bibliographic Details
Main Author: Niepel, Gustáv, 1920-1987 (Author)
Format: Book
Language:Czech
PhysicalDescription:73 s. 29 cm
Published: Brno Ústav pro další vzdelávání středních zdravotnických pracovníků 1978
Edition:1. čes. vyd.
Subjects:

MARC

LEADER 00000cam a2200000 a 4500
001 vtls010610376
003 SK-MaSNL
005 20260301182914.0
008 250313s1978 xr e 000 0 cze
035 |a 07207651-DE1D-4EA5-BA26-ED1B498DAB25 
035 |a urn:nbn:sk:snk-amjz6h 
035 |a urn:nbn:sk:snk-am0080i2 
040 |a SNK  |b slo  |c SNK  |e AACR2 
041 0 |a cze 
044 |a xr  |c CZ 
080 |a 615.8(075.4)  |2 1981 
100 1 |a Niepel, Gustáv,  |d 1920-1987  |4 aut  |9 253048 
245 1 0 |a Fyzikální terapie v praxi  |b receptář : pro PSS  |c Gustáv Niepel 
250 |a 1. čes. vyd. 
260 |a Brno  |b Ústav pro další vzdelávání středních zdravotnických pracovníků  |c 1978 
300 |a 73 s.  |c 29 cm 
500 |a Neprodejné, Tento výtisk neprošel jazykovou úpravou 
650 0 7 |a fyzioterapia  |2 SNKPH  |9 2471 
655 7 |a učebnice stredných škôl  |2 SNKPH  |9 69323 
852 |a Slovenská národná knižnica 
958 |a OND 
999 |c 855210  |d 857140 
952 |a SNK  |b SNK  |y PREZ  |7 0  |p 17A0971277  |o snkSB 27575  |i snkKIP 958/79  |0 0  |1 0  |4 0  |d 2014-07-17  |f 1  |l 0  |r 2025-04-01 00:00:00  |w 2026-02-24 
952 |a SNK  |b SNK  |y VYP  |7 0  |p 17A1152446  |o snkSB 27575 D1  |i snkKIP 959/79  |3 Rekatalogizácia  |0 0  |1 0  |4 0  |d 2017-08-21  |l 0  |r 2026-02-24 04:54:25  |w 2026-02-24